Protest in Tokyo.

Bibliographic Details
Main Author: Packard, George R.
Format: Book
Language:English
Published: Princeton, N.J. : Princeton University Press, 1966.
Subjects:

MARC

Tag First Indicator Second Indicator Subfields
LEADER 00000cam a2200000 4500
001 in00000060477
005 20151007082631.0
008 721005s1966 eng u
010 |a  65017156  
035 |a (OCoLC)00422888 
035 |9 AAF8178AM 
040 |c WSU  |d TXA  |d UtOrBLW 
049 |a TXAM  |c [453562] 
050 0 |a E183.8.J3  |b P24 
092 |a 327.52  |b P119p 
100 1 |a Packard, George R. 
245 1 0 |a Protest in Tokyo. 
264 1 |a Princeton, N.J. :  |b Princeton University Press,  |c 1966. 
300 |a 423 pages 
336 |a text  |b txt  |2 rdacontent 
337 |a unmediated  |b n  |2 rdamedia 
338 |a volume  |b nc  |2 rdacarrier 
504 |a Bibliography: pages 383-406. 
651 0 |a United States  |x Foreign relations  |z Japan. 
651 0 |a Japan  |x Foreign relations  |z United States. 
651 0 |a Japan  |x Politics and government  |y 1945- 
999 |a MARS 
999 f f |s 77737c32-abe2-3c48-8915-00cb893f6dcd  |i 24217132-4b6e-387c-a3d2-597e4fdf192f  |t 0 
952 f f |p normal  |a Texas A&M University  |b College Station  |c Sterling C. Evans Library  |d Evans: Library Stacks  |t 0  |e E183.8.J3 P24  |h Library of Congress classification  |i unmediated -- volume  |m A14800676484 
998 f f |a E183.8.J3 P24  |t 0  |l Evans: Library Stacks